000 01179nam a2200325 i 4500
001 196045
003 ES-MaACL
005 20250825062742.0
008 240810s2007 sp a 000 0bspa d
017 _aB 35814-2007
020 _a9788401305511
035 _aRebiun07565833
040 _aDLC.
_cDLC.
_dUNAV
_bspa
100 1 _aBlay, Pep,
_d1966-
_9240107
_eaut
245 1 0 _aEnrique Bunbury :
_blo demás es silencio /
_cPep Blay.
250 _aPrimera edición: octubre, 2007
260 _aBarcelona :
_bRandom House Mondadori,
_c2007.
300 _a446 p., [32] p. de lám. :
_bil. ;
_c23 cm.
336 _2rdacontent
_atexto
337 _2rdamedia
_asin mediación
338 _2rdacarrier
_avolumen
600 1 4 _aBunbury, Enrique,
_d1967-
_9240106
655 0 _aBiografías
_9176647
852 _aES-MaACL
_cDEPOJ
_jN-9172
_hDonación: José Lázaro García
_xEncuadernación rústica con solapas
_9205078
903 _9234219
_aLázaro García, José
_ednr
942 _cMONOGRAFIA
_n0
999 _c196045
_d196045